[Event "DEM U12/U12w 2014"]
[Site "Magdeburg GER"]
[Date "2014.06.13"]
[Round "9"]
[White "Engel, Luis"]
[Black "Suvorov, Alexander"]
[Result "1/2-1/2"]
[Termination "normal"]
[Board "1"]
[WhiteElo "1982"]
[BlackElo "1569"]
[WhiteClock "00:05:33"]
[BlackClock "00:05:35"]
[PlyCount "151"]
[WhiteFideId "12961523"]
[BlackFideId "12977063"]
[EventCountry "GER"]
[EventRounds "11"]
[EventType "swiss"]
[EventDate "2014.06.07"]

1. e4 c6 2. Nc3 d5 3. Qe2 e6 4. g3 Nf6 5. Bg2 Be7 6. Nf3 O-O 7. O-O Nbd7 8. d4
a6 9. a4 Nb6 10. e5 Ne8 11. b3 c5 12. Ba3 Nd7 13. dxc5 Nxc5 14. Nd4 g6 15. Qe3
Nd7 16. Bxe7 Qxe7 17. Rac1 Nc5 18. Rfd1 Bd7 19. Nce2 Ng7 20. c4 dxc4 21. Rxc4
Rac8 22. Rdc1 b5 23. axb5 axb5 24. R4c2 b4 25. Qd2 Na6 26. Bb7 Rxc2 27. Rxc2
Nb8 28. Rc7 Qd8 29. Qc2 Ne8 30. Rc4 Qb6 31. Bc6 Bxc6 32. Nxc6 Na6 33. Ne7+ Kg7
34. Nc8 Qb8 35. Rc6 Nac7 36. Nd6 Qa7 37. Qc1 Qa5 38. Nxe8+ Nxe8 39. Qc5 Qa1+
40. Kg2 Qa8 41. Kg1 Qa1+ 42. Nc1 Qb2 43. Rc8 Qd2 44. h3 Qe1+ 45. Kh2 h5 46. h4
g5 47. Qe3 Qxe3 48. fxe3 gxh4 49. gxh4 Kg8 50. Nd3 Ng7 51. Rxf8+ Kxf8 52. e4
Ke7 53. Kg3 Ne8 54. Nxb4 f6 55. Kf4 Nc7 56. Nc6+ Kf7 57. b4 Nb5 58. Nd8+ Ke7
59. Nb7 Nd4 60. exf6+ Kxf6 61. e5+ Kg6 62. Nd6 Ne2+ 63. Kf3 Nd4+ 64. Ke4 Ne2
65. Kd3 Nf4+ 66. Kc4 Ng2 67. Kd4 Nxh4 68. Ke4 Kg5 69. b5 Ng6 70. b6 Nf8 71. b7
Nd7 72. Nf7+ Kg4 73. Nh6+ Kg5 74. Nf7+ Kg4 75. Nh6+ Kg5 76. Nf7+ 1/2-1/2

[Event "DEM U12/U12w 2014"]
[Site "Magdeburg GER"]
[Date "2014.06.13"]
[Round "9"]
[White "Renger, Niklas"]
[Black "Kopylov, Daniel"]
[Result "1/2-1/2"]
[Termination "normal"]
[Board "2"]
[WhiteElo "1794"]
[BlackElo "1813"]
[WhiteClock "00:03:43"]
[BlackClock "00:14:41"]
[PlyCount "53"]
[WhiteFideId "12908096"]
[BlackFideId "12921971"]
[EventCountry "GER"]
[EventRounds "11"]
[EventType "swiss"]
[EventDate "2014.06.07"]

1. e4 c5 2. Nf3 d6 3. d4 cxd4 4. Nxd4 Nf6 5. Nc3 Nc6 6. f3 e5 7. Nb3 Be6 8. Be3
Be7 9. Qd2 a5 10. Bb5 O-O 11. O-O d5 12. exd5 Nxd5 13. Nxd5 Bxd5 14. Qf2 Qc8
15. Nc5 Rd8 16. Na4 Qf5 17. Nb6 Rab8 18. Bd3 Qh5 19. Nxd5 Rxd5 20. Be4 Rd7 21.
g4 Qh4 22. Qxh4 Bxh4 23. Bf5 Rd6 24. Bb6 Bd8 25. Be3 g6 26. Be4 Be7 27. Bb6
1/2-1/2

[Event "DEM U12/U12w 2014"]
[Site "Magdeburg GER"]
[Date "2014.06.13"]
[Round "9"]
[White "Wierzbicki, Jirawat"]
[Black "Mätzkow, Maximilian Paul"]
[Result "1-0"]
[Termination "normal"]
[Board "4"]
[WhiteElo "1774"]
[BlackElo "1841"]
[WhiteClock "00:07:38"]
[BlackClock "00:07:59"]
[PlyCount "91"]
[WhiteFideId "1153579"]
[BlackFideId "24679933"]
[EventCountry "GER"]
[EventRounds "11"]
[EventType "swiss"]
[EventDate "2014.06.07"]

1. e4 c5 2. c3 Nf6 3. e5 Nd5 4. d4 cxd4 5. Qxd4 e6 6. Nf3 Nc6 7. Qe4 d6 8. Bb5
Bd7 9. c4 Nb6 10. exd6 Bxd6 11. O-O a6 12. Rd1 Qc7 13. Nc3 Ne7 14. Bxd7+ Nxd7
15. a3 Nf6 16. Qe2 O-O 17. b4 b6 18. Ne4 Nxe4 19. Qxe4 Rfd8 20. Bb2 Rac8 21.
Rac1 Ng6 22. g3 Bf8 23. Bd4 Ne7 24. c5 bxc5 25. Rxc5 Qd7 26. Ne5 Qa4 27. Rd3
Nf5 28. Rxc8 Rxc8 29. Kg2 Qb5 30. Rc3 Rd8 31. Bc5 Rd1 32. Qc4 Qb7+ 33. Nf3 Bxc5
34. Qxc5 h6 35. Qc8+ Qxc8 36. Rxc8+ Kh7 37. Rc6 Rd6 38. Rxd6 Nxd6 39. Ne5 f6
40. Nd7 Nb5 41. a4 Nc3 42. Nc5 Kg6 43. a5 Kf5 44. Nxa6 Ke5 45. Nc7 Na4 46. a6
1-0

[Event "DEM U12/U12w 2014"]
[Site "Magdeburg GER"]
[Date "2014.06.13"]
[Round "9"]
[White "Biastoch, Bennet"]
[Black "Bui, Hai Lam"]
[Result "1-0"]
[Termination "normal"]
[Board "5"]
[WhiteElo "1754"]
[BlackElo "1674"]
[WhiteClock "00:19:48"]
[BlackClock "00:11:24"]
[PlyCount "89"]
[WhiteFideId "12939889"]
[BlackFideId "12975737"]
[EventCountry "GER"]
[EventRounds "11"]
[EventType "swiss"]
[EventDate "2014.06.07"]

1. e4 c5 2. Nf3 d6 3. g3 Nc6 4. Bg2 e5 5. O-O Be7 6. d3 Be6 7. Nbd2 g5 8. Nc4
g4 9. Nfd2 Qd7 10. c3 h5 11. a3 h4 12. b4 hxg3 13. fxg3 Rd8 14. b5 Nb8 15. a4
Bg5 16. Ba3 f6 17. Rf2 Ne7 18. d4 O-O 19. d5 Bf7 20. Qe2 Bg6 21. Raf1 Kg7 22.
Bc1 Rh8 23. Nb3 Bxc1 24. Nxc1 Rdf8 25. Ne3 Bh5 26. Nd3 Rh6 27. Nb2 Rg6 28. Nbd1
Rg5 29. Nf5+ Nxf5 30. Rxf5 Rxf5 31. Rxf5 Qf7 32. Ne3 Qg6 33. Rf1 Rd8 34. c4 Rd7
35. Qd2 Kf8 36. Nf5 Ke8 37. Qa5 b6 38. Qd2 Kd8 39. a5 Kc7 40. axb6+ axb6 41.
Qa2 Qf7 42. Qa7+ Kc8 43. Qxb6 Qf8 44. Ra1 Bg6 45. Ra8 1-0

[Event "DEM U12/U12w 2014"]
[Site "Magdeburg GER"]
[Date "2014.06.13"]
[Round "9"]
[White "Graf, Justus Felix"]
[Black "ter Stal, Sven"]
[Result "0-1"]
[Termination "normal"]
[Board "6"]
[WhiteElo "1513"]
[BlackElo "1707"]
[WhiteClock "00:24:02"]
[BlackClock "01:05:00"]
[PlyCount "34"]
[WhiteFideId "12929212"]
[BlackFideId "12946443"]
[EventCountry "GER"]
[EventRounds "11"]
[EventType "swiss"]
[EventDate "2014.06.07"]

1. e4 c5 2. Nf3 e6 3. d4 cxd4 4. Nxd4 Nc6 5. Be3 Nf6 6. Nc3 Bb4 7. Bd3 d5 8.
Nxc6 bxc6 9. e5 d4 10. exf6 dxc3 11. fxg7 cxb2+ 12. Ke2 bxa1=Q 13. Qxa1 Rg8 14.
Bxh7 Ba6+ 15. Kf3 Qd5+ 16. Kg3 Bd6+ 17. Bf4 Qg5+ 0-1

[Event "DEM U12/U12w 2014"]
[Site "Magdeburg GER"]
[Date "2014.06.13"]
[Round "9"]
[White "Oganessjan, Artur"]
[Black "Preißler, Niklas"]
[Result "1/2-1/2"]
[Termination "normal"]
[Board "7"]
[WhiteElo "1761"]
[BlackElo "1812"]
[PlyCount "140"]
[WhiteFideId "12986062"]
[BlackFideId "12927554"]
[EventCountry "GER"]
[EventRounds "11"]
[EventType "swiss"]
[EventDate "2014.06.07"]

1. e4 c5 2. c3 d5 3. exd5 Qxd5 4. d4 Nf6 5. Nf3 e6 6. Be2 Be7 7. O-O Nc6 8. c4
Qd8 9. dxc5 Qxd1 10. Rxd1 Bxc5 11. Nc3 O-O 12. Bg5 Be7 13. Nb5 a6 14. Nbd4 Nxd4
15. Nxd4 h6 16. Bh4 Re8 17. f4 Ne4 18. Bxe7 Rxe7 19. Bf3 Nf6 20. Nb3 Rb8 21.
Rd8+ Re8 22. Rxe8+ Nxe8 23. Rd1 Kf8 24. Kf2 b6 25. Nd4 Bb7 26. Bxb7 Rxb7 27. b3
Rc7 28. Kf3 Ke7 29. g4 g6 30. h4 f6 31. Re1 Ng7 32. Nxe6 Nxe6 33. f5 gxf5 34.
gxf5 Rc6 35. Rxe6+ Rxe6 36. fxe6 Kxe6 37. Ke4 h5 38. b4 a5 39. c5 bxc5 40. bxc5
a4 41. a3 f5+ 42. Kf4 Kd5 43. Kxf5 Kxc5 44. Kg5 Kc4 45. Kxh5 Kb3 46. Kg6 Kxa3
47. h5 Kb2 48. h6 a3 49. h7 a2 50. h8=Q+ Kb1 51. Qh1+ Kb2 52. Qg2+ Kb1 53. Qf1+
Kb2 54. Qe2+ Kb1 55. Qd1+ Kb2 56. Qd4+ Kb1 57. Qb4+ Ka1 58. Qa3 Kb1 59. Qb3+
Ka1 60. Qd3 Kb2 61. Qd2+ Kb1 62. Qd3+ Kb2 63. Qd4+ Kb1 64. Qb4+ Ka1 65. Qf8 Kb1
66. Qf5+ Kb2 67. Qe5+ Kb1 68. Qe4+ Kb2 69. Qd4+ Kb1 70. Qb4+ Ka1 1/2-1/2

[Event "DEM U12/U12w 2014"]
[Site "Magdeburg GER"]
[Date "2014.06.13"]
[Round "9"]
[White "Schneider, Jana"]
[Black "Meyling, Lennart"]
[Result "0-1"]
[Termination "normal"]
[Board "8"]
[WhiteElo "1824"]
[BlackElo "1722"]
[PlyCount "66"]
[WhiteFideId "12924997"]
[BlackFideId "12947130"]
[EventCountry "GER"]
[EventRounds "11"]
[EventType "swiss"]
[EventDate "2014.06.07"]

1. e4 c5 2. Nf3 Nf6 3. d3 d5 4. Nbd2 Nc6 5. g3 Bg4 6. Bg2 e6 7. O-O Be7 8. h3
Bh5 9. Re1 dxe4 10. dxe4 O-O 11. b3 Bxf3 12. Qxf3 Nb4 13. e5 Nxc2 14. Rd1 Nd5
15. Rb1 Nd4 16. Qd3 Nc3 17. Qf1 Nde2+ 18. Kh1 Nxd1 19. Qxd1 Nc3 20. Qc2 Nxb1
21. Qxb1 Bg5 22. f4 Be7 23. Be4 h6 24. Bxb7 Rb8 25. Bf3 Qd4 26. Ne4 Rfd8 27.
Bb2 Qd3 28. Qxd3 Rxd3 29. Kg2 Rbd8 30. Ba3 Rd2+ 31. Nxd2 Rxd2+ 32. Kf1 Rxa2 33.
Bc1 Ra1 0-1

[Event "DEM U12/U12w 2014"]
[Site "Magdeburg GER"]
[Date "2014.06.13"]
[Round "9"]
[White "Tong, Kevin"]
[Black "Pölt, Christoph"]
[Result "1-0"]
[Termination "normal"]
[Board "9"]
[WhiteElo "1758"]
[BlackElo "1741"]
[PlyCount "93"]
[WhiteFideId "12913944"]
[BlackFideId "12960853"]
[EventCountry "GER"]
[EventRounds "11"]
[EventType "swiss"]
[EventDate "2014.06.07"]

1. e4 e5 2. Nf3 Nc6 3. d4 exd4 4. Nxd4 Bc5 5. Be3 Qf6 6. Nb5 Bxe3 7. fxe3 Qh4+
8. g3 Qxe4 9. Nxc7+ Kf8 10. Nxa8 Qxh1 11. Qd2 d5 12. Nc3 Bh3 13. O-O-O Bxf1 14.
Qf2 Qg2 15. Rxf1 Qxf2 16. Rxf2 Nf6 17. Rd2 Ne7 18. Nc7 g6 19. N7xd5 Nexd5 20.
Nxd5 Kg7 21. Nxf6 Kxf6 22. Rd7 Rb8 23. Kd2 h5 24. c4 Ke6 25. Rc7 g5 26. b4 f6
27. Rh7 Kf5 28. c5 Kg4 29. Ke2 h4 30. gxh4 gxh4 31. a4 f5 32. Rd7 Kh3 33. Rd4
Rg8 34. Rf4 Rg4 35. b5 Kxh2 36. c6 bxc6 37. bxc6 h3 38. c7 Rg8 39. Rc4 Rc8 40.
Kf2 a6 41. a5 f4 42. exf4 Kh1 43. f5 Kh2 44. Rc1 Rf8 45. c8=Q Rxf5+ 46. Ke3
Rf3+ 47. Ke4 1-0

[Event "DEM U12/U12w 2014"]
[Site "Magdeburg GER"]
[Date "2014.06.13"]
[Round "9"]
[White "Wagner, Benjamin"]
[Black "Roseneck, Jonas"]
[Result "0-1"]
[Termination "normal"]
[Board "10"]
[WhiteElo "1634"]
[BlackElo "1766"]
[PlyCount "106"]
[WhiteFideId "12957330"]
[BlackFideId "12939870"]
[EventCountry "GER"]
[EventRounds "11"]
[EventType "swiss"]
[EventDate "2014.06.07"]

1. e4 c5 2. Nf3 d6 3. d4 cxd4 4. Nxd4 Nf6 5. Nc3 a6 6. Bc4 e6 7. Bb3 b5 8. O-O
Be7 9. Qf3 Qc7 10. Qg3 O-O 11. Bh6 Ne8 12. Rad1 Nc6 13. Nxc6 Qxc6 14. Rfe1 Kh8
15. Bg5 Bxg5 16. Qxg5 Nf6 17. Rd3 Bb7 18. Rg3 Rg8 19. e5 dxe5 20. Qxe5 Rad8 21.
Ne2 Qe4 22. Qg5 Qxe2 23. Re3 Qg4 24. Qxg4 Nxg4 25. Rc3 Rd7 26. h3 Nf6 27. Kh2
Rc8 28. Rxc8+ Bxc8 29. Re3 Bb7 30. Rc3 Ne4 31. Rf3 g6 32. a4 Nd2 33. Rc3 b4 34.
Rc5 Nxb3 35. cxb3 Bd5 36. g4 Bxb3 37. Rc8+ Kg7 38. Ra8 Rd6 39. a5 Bc4 40. Rb8
Bb5 41. Kg3 Rd2 42. f4 Rxb2 43. Kh4 Rd2 44. Rc8 b3 45. Rc3 b2 46. Rb3 Bd3 47.
f5 b1=Q 48. f6+ Kg8 49. Rxb1 Bxb1 50. Kg5 Rd5+ 51. Kh6 Bf5 52. g5 Rd4 53. h4
Rxh4# 0-1

[Event "DEM U12/U12w 2014"]
[Site "Magdeburg GER"]
[Date "2014.06.13"]
[Round "9"]
[White "Schulze, Lara"]
[Black "Zimmer, Raphael"]
[Result "0-1"]
[Termination "normal"]
[Board "11"]
[WhiteElo "1774"]
[BlackElo "1868"]
[PlyCount "74"]
[WhiteFideId "12956830"]
[BlackFideId "12978841"]
[EventCountry "GER"]
[EventRounds "11"]
[EventType "swiss"]
[EventDate "2014.06.07"]

1. d4 d5 2. c4 e6 3. Nc3 c5 4. cxd5 cxd4 5. Qa4+ Bd7 6. Qxd4 exd5 7. Qxd5 Nc6
8. Nf3 Nf6 9. Qd1 Bc5 10. e3 Qe7 11. Be2 O-O-O 12. Bd2 Kb8 13. a3 g5 14. b4 Bb6
15. O-O g4 16. Ne1 Bf5 17. Qc1 Qd6 18. Ra2 h5 19. e4 Bc7 20. g3 Nxe4 21. Nxe4
Bxe4 22. Bf4 Qd7 23. Bxc7+ Qxc7 24. f3 Bd5 25. Rd2 Qb6+ 26. Qc5 Qxc5+ 27. bxc5
Be6 28. Rxd8+ Rxd8 29. fxg4 hxg4 30. Nd3 Nd4 31. Bd1 Bc4 32. Bxg4 Bxd3 33. Rxf7
Nb3 34. c6 bxc6 35. Bf3 Na5 36. h4 c5 37. Bd1 Bc4 0-1

[Event "DEM U12/U12w 2014"]
[Site "Magdeburg GER"]
[Date "2014.06.13"]
[Round "9"]
[White "Roho, Kevin"]
[Black "Suvorov, Luca"]
[Result "1/2-1/2"]
[Termination "normal"]
[Board "12"]
[WhiteElo "1643"]
[BlackElo "1599"]
[PlyCount "53"]
[WhiteFideId "12973734"]
[BlackFideId "12977071"]
[EventCountry "GER"]
[EventRounds "11"]
[EventType "swiss"]
[EventDate "2014.06.07"]

1. e4 c5 2. Nf3 Nc6 3. d3 g6 4. g3 Bg7 5. Bg2 e5 6. O-O Nge7 7. c3 O-O 8. Bg5
h6 9. Be3 d6 10. Na3 Be6 11. d4 exd4 12. cxd4 Bg4 13. Nc2 Bxf3 14. Bxf3 cxd4
15. Nxd4 Nxd4 16. Bxd4 Nc6 17. Bxg7 Kxg7 18. Qe2 Qe7 19. Rfd1 Rfe8 20. Rd2 Rad8
21. Rad1 Ne5 22. Rd4 Qf6 23. Bg2 Qe6 24. b3 Nc6 25. R4d3 Ne5 26. Rd4 Nc6 27.
R4d3 1/2-1/2

[Event "DEM U12/U12w 2014"]
[Site "Magdeburg GER"]
[Date "2014.06.13"]
[Round "9"]
[White "Mönster, Madita"]
[Black "Stork, Oliver"]
[Result "0-1"]
[Termination "normal"]
[Board "13"]
[WhiteElo "1637"]
[BlackElo "1629"]
[PlyCount "82"]
[WhiteFideId "12947156"]
[BlackFideId "12955728"]
[EventCountry "GER"]
[EventRounds "11"]
[EventType "swiss"]
[EventDate "2014.06.07"]

1. e4 e5 2. Nf3 Nc6 3. Bc4 Bc5 4. O-O d6 5. c3 Bb6 6. Bb3 Nf6 7. d3 O-O 8. h3
h6 9. Re1 Be6 10. Bc2 Ne7 11. Nbd2 Ng6 12. Nf1 c6 13. Ng3 Bc7 14. Nh2 Qd7 15.
d4 Rad8 16. Nh5 Qe7 17. Qf3 Nh7 18. Ng4 Ng5 19. Qe3 Bxg4 20. hxg4 Rfe8 21. Ng3
Qf6 22. Nf5 Ne7 23. Nxe7+ Rxe7 24. Bd2 Rde8 25. f3 Bb6 26. Kh1 exd4 27. Qd3
dxc3 28. Bxc3 Qf4 29. Bd2 Qg3 30. Be3 Nxf3 31. gxf3 Qxf3+ 32. Kh2 Rxe4 33. Bd2
Re2+ 34. Rxe2 Rxe2+ 35. Qxe2 Qxe2+ 36. Kg3 Qxd2 37. Bf5 Qe3+ 38. Kg2 Qf2+ 39.
Kh1 Bc7 40. Rc1 d5 41. Rc2 Qf1# 0-1

[Event "DEM U12/U12w 2014"]
[Site "Magdeburg GER"]
[Date "2014.06.13"]
[Round "9"]
[White "Dietz, Florian"]
[Black "Mix, Clemens"]
[Result "1/2-1/2"]
[Termination "normal"]
[Board "14"]
[WhiteElo "1860"]
[BlackElo "1474"]
[PlyCount "63"]
[WhiteFideId "12939897"]
[BlackFideId "12987921"]
[EventCountry "GER"]
[EventRounds "11"]
[EventType "swiss"]
[EventDate "2014.06.07"]

1. e4 Nf6 2. e5 Nd5 3. d4 d6 4. exd6 exd6 5. c4 Nb6 6. Nc3 Be7 7. h3 O-O 8. Nf3
Bf5 9. Be2 h6 10. Be3 Bf6 11. O-O Nc6 12. Rc1 d5 13. c5 Nc8 14. Qb3 N8e7 15.
Rfd1 Qd7 16. a3 Na5 17. Qa2 b6 18. b4 Nb7 19. c6 Qxc6 20. Ne4 Qe6 21. Nxf6+
Qxf6 22. Rxc7 Nd6 23. Ne5 Rfc8 24. Rdc1 Rxc7 25. Rxc7 Rc8 26. Rxc8+ Bxc8 27.
Bf3 Be6 28. g4 Nc4 29. Qe2 Nxe5 30. dxe5 Qxe5 31. Qa6 Qc7 32. Bg2 1/2-1/2

[Event "DEM U12/U12w 2014"]
[Site "Magdeburg GER"]
[Date "2014.06.13"]
[Round "9"]
[White "Baltic, Fatih"]
[Black "Huber, Benedikt"]
[Result "1/2-1/2"]
[Termination "normal"]
[Board "15"]
[WhiteElo "1870"]
[BlackElo "1719"]
[PlyCount "49"]
[WhiteFideId "12979090"]
[BlackFideId "12923583"]
[EventCountry "GER"]
[EventRounds "11"]
[EventType "swiss"]
[EventDate "2014.06.07"]

1. c4 e5 2. g3 Nf6 3. Bg2 d5 4. cxd5 Nxd5 5. Nc3 Nb6 6. d3 Be7 7. Nf3 Nc6 8.
Bd2 Be6 9. O-O O-O 10. a3 f6 11. b4 Nd4 12. Nxd4 exd4 13. Ne4 c6 14. Nc5 Bxc5
15. bxc5 Nd7 16. Qc2 Qe7 17. Rac1 Rfd8 18. a4 Ne5 19. Rb1 Bd5 20. Bxd5+ Rxd5
21. Bb4 Re8 22. Rb2 Nd7 23. Rc1 Kh8 24. Qc4 Ne5 25. Qb3 1/2-1/2

[Event "DEM U12/U12w 2014"]
[Site "Magdeburg GER"]
[Date "2014.06.13"]
[Round "9"]
[White "Collin, Alexander"]
[Black "Santos, Leonardo"]
[Result "1/2-1/2"]
[Termination "normal"]
[Board "16"]
[WhiteElo "1590"]
[BlackElo "1451"]
[PlyCount "42"]
[WhiteFideId "12946745"]
[BlackFideId "12965049"]
[EventCountry "GER"]
[EventRounds "11"]
[EventType "swiss"]
[EventDate "2014.06.07"]

1. e4 c5 2. c3 g6 3. Bc4 Bg7 4. d4 cxd4 5. cxd4 Nc6 6. Nf3 d6 7. Be3 Nf6 8. Nc3
Bg4 9. h3 Bd7 10. O-O O-O 11. Qd2 Rc8 12. Be2 a6 13. Bh6 b5 14. Bxg7 Kxg7 15.
a3 Na5 16. Qd1 Bc6 17. d5 Bd7 18. Rc1 Qc7 19. Re1 Qb6 20. Qd4 Qxd4 21. Nxd4 Rc7
1/2-1/2

[Event "DEM U12/U12w 2014"]
[Site "Magdeburg GER"]
[Date "2014.06.13"]
[Round "9"]
[White "Bui, Ngoc Han Julia"]
[Black "Rößler, Lukas Namgyu"]
[Result "1/2-1/2"]
[Termination "normal"]
[Board "17"]
[WhiteElo "1446"]
[BlackElo "1662"]
[PlyCount "105"]
[WhiteFideId "12977055"]
[BlackFideId "12938718"]
[EventCountry "GER"]
[EventRounds "11"]
[EventType "swiss"]
[EventDate "2014.06.07"]

1. e4 c5 2. Nf3 e6 3. d4 cxd4 4. Nxd4 a6 5. c4 Qc7 6. Nc3 Nf6 7. Be3 d6 8. f3
Be7 9. Qd2 O-O 10. Be2 Nbd7 11. O-O Ne5 12. b3 Bd7 13. Rfd1 Rfd8 14. Rac1 Be8
15. Bf1 Nc6 16. Bf2 Nd7 17. Bg3 Nc5 18. Nc2 Qb6 19. Kh1 Nb4 20. Nxb4 Qxb4 21.
Nd5 Qxd2 22. Nxe7+ Kf8 23. Rxd2 Kxe7 24. Rcd1 e5 25. Bf2 Rac8 26. Bh4+ f6 27.
Kg1 g5 28. Bf2 Bg6 29. Bd3 a5 30. Bc2 Bf7 31. Be3 Ra8 32. Bxc5 dxc5 33. Rxd8
Rxd8 34. Rxd8 Kxd8 35. Kf2 Be8 36. Bd3 a4 37. Ke3 axb3 38. axb3 Kc7 39. Kd2 Kb6
40. Kc3 Ka5 41. g3 h5 42. h4 Bd7 43. Bf1 b6 44. Bg2 gxh4 45. gxh4 b5 46. Bf1
Kb6 47. b4 Bc6 48. bxc5+ Kxc5 49. cxb5 Bxb5 50. Bxb5 Kxb5 51. Kb3 Kc5 52. Kc3
Kd6 53. Kc4 1/2-1/2

[Event "DEM U12/U12w 2014"]
[Site "Magdeburg GER"]
[Date "2014.06.13"]
[Round "9"]
[White "Mütsch, Annmarie"]
[Black "Staufenberger, Philipp"]
[Result "1/2-1/2"]
[Termination "normal"]
[Board "18"]
[WhiteElo "1648"]
[BlackElo "1620"]
[PlyCount "98"]
[WhiteFideId "12971367"]
[BlackFideId "12970883"]
[EventCountry "GER"]
[EventRounds "11"]
[EventType "swiss"]
[EventDate "2014.06.07"]

1. d4 d5 2. c4 e6 3. Nc3 Nf6 4. e3 c5 5. Nf3 Nc6 6. Be2 cxd4 7. exd4 dxc4 8.
Bxc4 Bb4 9. O-O O-O 10. Bg5 Be7 11. Rc1 Nd5 12. Bxd5 Bxg5 13. Nxg5 exd5 14. Qh5
h6 15. Nf3 Be6 16. Na4 Qf6 17. Rfd1 Bf5 18. h3 b6 19. b3 Rac8 20. Qh4 Qxh4 21.
Nxh4 Be6 22. Nf3 Kh7 23. Kh2 Ne7 24. Nh4 g5 25. Nf3 f6 26. Rxc8 Rxc8 27. Rd2
Kg6 28. g4 Rc6 29. Re2 Kf7 30. Nb2 Nc8 31. Nd3 Rc3 32. Nde1 Nd6 33. Rc2 Rxc2
34. Nxc2 Ne4 35. Kg2 Ke7 36. Kf1 h5 37. Nh2 Kd6 38. Ke1 Kc6 39. f3 Ng3 40. Kf2
h4 41. a4 a5 42. Na3 Bc8 43. Nb5 Ba6 44. Na7+ Kb7 45. Nb5 Kc6 46. Na7+ Kc7 47.
Nb5+ Kd7 48. Ke1 f5 49. Kf2 f4 1/2-1/2

[Event "DEM U12/U12w 2014"]
[Site "Magdeburg GER"]
[Date "2014.06.13"]
[Round "9"]
[White "Schallner, Marc"]
[Black "Biermann, Lenhard"]
[Result "1-0"]
[Termination "normal"]
[Board "19"]
[WhiteElo "1668"]
[BlackElo "1535"]
[PlyCount "45"]
[WhiteFideId "12971243"]
[BlackFideId "12970077"]
[EventCountry "GER"]
[EventRounds "11"]
[EventType "swiss"]
[EventDate "2014.06.07"]

1. e4 e6 2. d4 d5 3. exd5 exd5 4. Nf3 Nf6 5. c4 Bb4+ 6. Nc3 O-O 7. Bd3 Re8+ 8.
Be3 dxc4 9. Bxc4 Bg4 10. h3 Bh5 11. O-O Nc6 12. g4 Bg6 13. a3 Ba5 14. Bg5 a6
15. d5 Ne5 16. Nxe5 Rxe5 17. f4 Re8 18. f5 h6 19. Bxf6 Qxf6 20. fxg6 Qxg6 21.
d6 Rf8 22. d7 b5 23. Bxf7+ 1-0

[Event "DEM U12/U12w 2014"]
[Site "Magdeburg GER"]
[Date "2014.06.13"]
[Round "9"]
[White "Wong, Gengchun"]
[Black "Voß, Henrike"]
[Result "1-0"]
[Termination "normal"]
[Board "21"]
[WhiteElo "1857"]
[BlackElo "1456"]
[PlyCount "63"]
[WhiteFideId "12963283"]
[BlackFideId "12971910"]
[EventCountry "GER"]
[EventRounds "11"]
[EventType "swiss"]
[EventDate "2014.06.07"]

1. e4 e5 2. Nf3 Nc6 3. Bb5 Nf6 4. O-O Nxe4 5. d4 Nd6 6. Bxc6 dxc6 7. dxe5 Nf5
8. Qxd8+ Kxd8 9. Nc3 h6 10. h3 Be7 11. Bf4 Be6 12. b3 Kc8 13. Rad1 b6 14. g4
Nh4 15. Nxh4 Bxh4 16. Ne2 c5 17. Kg2 Kb7 18. Bg3 Bg5 19. f4 Be7 20. f5 Bc8 21.
Nf4 c6 22. Rfe1 Rd8 23. Rxd8 Bxd8 24. e6 fxe6 25. fxe6 Be7 26. Ng6 Bf6 27. Bd6
a5 28. a4 Ka6 29. Nf8 Bb7 30. e7 Re8 31. Ne6 Bxe7 32. Nc7+ 1-0

[Event "DEM U12/U12w 2014"]
[Site "Magdeburg GER"]
[Date "2014.06.13"]
[Round "9"]
[White "Weimert, Miriam"]
[Black "Yankelevich, Michael"]
[Result "0-1"]
[Termination "normal"]
[Board "22"]
[WhiteElo "1562"]
[BlackElo "1696"]
[PlyCount "96"]
[WhiteFideId "12966703"]
[BlackFideId "12921440"]
[EventCountry "GER"]
[EventRounds "11"]
[EventType "swiss"]
[EventDate "2014.06.07"]

1. e4 e6 2. d4 d5 3. exd5 exd5 4. Bd3 Nc6 5. c3 Bd6 6. Ne2 Qh4 7. Ng3 Nge7 8.
Nd2 Bg4 9. Nf3 Qf6 10. O-O Bxf3 11. Qxf3 Qxf3 12. gxf3 O-O-O 13. Bd2 Ng6 14.
Be2 Bf4 15. Rfd1 Rde8 16. Bxf4 Nxf4 17. Re1 Re6 18. Bb5 Rhe8 19. Rxe6 Rxe6 20.
Bxc6 bxc6 21. Kf1 Nd3 22. b3 Rf6 23. Ke2 Nf4+ 24. Kd2 Ne6 25. Ke3 Ng5 26. f4
Re6+ 27. Kd3 Nh3 28. f5 Nxf2+ 29. Kd2 Rh6 30. Re1 Kd7 31. Re2 Rxh2 32. Ke3 Ng4+
33. Kf3 Rxe2 34. Kxe2 Nf6 35. Kf3 Ne4 36. Nxe4 dxe4+ 37. Kxe4 g6 38. fxg6 fxg6
39. Kf4 Kd6 40. c4 c5 41. d5 c6 42. dxc6 Kxc6 43. Kg5 Kd6 44. Kf6 h5 45. Kg5
Ke5 46. Kh4 Kd4 47. Kg5 a5 48. a3 a4 0-1

[Event "DEM U12/U12w 2014"]
[Site "Magdeburg GER"]
[Date "2014.06.13"]
[Round "9"]
[White "Gheng, Dominik"]
[Black "Bosselmann, Tom Linus"]
[Result "1/2-1/2"]
[Termination "normal"]
[Board "23"]
[WhiteElo "1556"]
[BlackElo "1430"]
[PlyCount "93"]
[WhiteFideId "12906778"]
[BlackFideId "12983845"]
[EventCountry "GER"]
[EventRounds "11"]
[EventType "swiss"]
[EventDate "2014.06.07"]

1. e4 e5 2. Nf3 Nc6 3. Bb5 Nge7 4. O-O g6 5. c3 a6 6. Ba4 Bg7 7. Re1 O-O 8. d4
exd4 9. cxd4 d6 10. h3 b5 11. Bc2 Bb7 12. a3 Rc8 13. Be3 Nb8 14. Nc3 Nd7 15.
Bf4 Nb6 16. Bb3 c5 17. dxc5 dxc5 18. Bg5 Qc7 19. Qe2 c4 20. Bc2 Rfe8 21. Be3
Rcd8 22. Rad1 Nd7 23. Bd4 Ne5 24. Nxe5 Bxe5 25. Bxe5 Qxe5 26. g3 Qe6 27. Kh2
Nc8 28. Qe3 Bc6 29. Nd5 Bd7 30. Nf4 Qf6 31. e5 Qc6 32. Be4 Qc7 33. Bf3 Be6 34.
Bd5 Nb6 35. Nxe6 fxe6 36. Bf3 a5 37. Rxd8 Rxd8 38. Bg4 Qc6 39. Qc3 a4 40. Re2
Rd1 41. Qf3 Qxf3 42. Bxf3 Nd5 43. Kg2 Kf7 44. h4 h5 45. Rc2 Re1 46. Rd2 Rxe5
47. Kf1 1/2-1/2

[Event "DEM U12/U12w 2014"]
[Site "Magdeburg GER"]
[Date "2014.06.13"]
[Round "9"]
[White "Rosenhain, Rachela"]
[Black "Recktenwald, Cedric"]
[Result "1/2-1/2"]
[Termination "normal"]
[Board "24"]
[WhiteElo "1659"]
[BlackElo "1435"]
[PlyCount "106"]
[WhiteFideId "12957615"]
[BlackFideId "12971928"]
[EventCountry "GER"]
[EventRounds "11"]
[EventType "swiss"]
[EventDate "2014.06.07"]

1. e4 e6 2. d4 d5 3. Nc3 dxe4 4. Nxe4 Nd7 5. Nf3 Ngf6 6. Bd3 Nxe4 7. Bxe4 Nf6
8. Bd3 c5 9. O-O cxd4 10. Nxd4 Bd6 11. Nb5 Bb8 12. Bg5 O-O 13. Qe2 a6 14. Nc3
b5 15. Bxf6 Qxf6 16. Qe4 Qh6 17. h3 Ra7 18. Qe2 Rd7 19. Rad1 Rfd8 20. Be4 Qf4
21. g3 Qc7 22. Rxd7 Rxd7 23. Rd1 Bb7 24. Rxd7 Qxd7 25. Bxb7 Qxb7 26. Qe4 Qxe4
27. Nxe4 Be5 28. b3 b4 29. Kf1 Kf8 30. Ke2 Ke7 31. Kd3 a5 32. f4 Bd6 33. Kc4 e5
34. f5 f6 35. g4 h6 36. h4 Bc7 37. Kc5 Bd8 38. Kc6 Ke8 39. h5 Ke7 40. c3 bxc3
41. Nxc3 Ke8 42. Kb5 Kd7 43. Ne4 Ke7 44. b4 axb4 45. Kxb4 Kd7 46. Kb5 Be7 47.
a4 Kc7 48. Kc4 Kc6 49. Nc3 Bc5 50. Nb5 Bb6 51. Nc3 Ba5 52. Ne4 Bb6 53. Nc3 Ba5
1/2-1/2